000 00874nam a2200217Ia 4500
003 Ost
005 20260507074951.0
008 260507s9999||||xx |||||||||||||| ||und||
020 _a9960246159
040 _cfsecg
041 _aara
082 _a341.75
100 _aكريانين، موردخاي
_eمؤلف
245 0 _aالإقتصاد الدولي :
_bمدخل السياسات /
_c موردخاي كريانين
260 _aالرياض:
_bدار المريخ لنشر والتوزيع,
_c2007
300 _a423 صفحة؛
_bإيضاحات ؛
_c24 سم
520 _aالتجارة الدولية والإقتصاد القومي،العلاقات التجارية الدولية،العلاقات المالية الدولية
653 _aالإقتصاد دولي
700 _aمحمد، ابرهيم منصور
_eمؤلف ثانوي
942 _cكتاب
999 _c41998
_d41998